000 00393nam a22001577a 4500
003 MPLRDC
005 20220104124935.0
008 210129b ||||| |||| 00| 0 eng d
082 _a857.9 WLS-120 v.2
100 _a卧龙生著
245 _a剑气洞澈九重天. 中
_c
260 _a
_b春风文艺出版社
_c
300 _b
650 _a武侠小说
942 _cBK
_o857.9 WLS-120 v.2
999 _c23360
_d23350